00694nam a2200193 a 450000100100000000500170001000800410002704000250006808200200009310000340011324500400014725000120018726000860019930000200028565000290030565000310033495201180036599900170048300004570020240412074304.0091116s2004 dr ac 000 j spa d aDO-SdBNPbspacBNPHU aRD863.44bR175a1 aRamos, Emeraldad1948-97375910aAngelario urbano /cEmeralda Ramos. a2a. ed. aSan Francisco de Macorís, República Dominicana :bÁngeles de fierro,c2004. a58 p. ;c19 cm. 0aCuentos dominicanos9176 0aLiteratura dominicana.967 0010718PDaPDbPDcHDd2015-04-28iLF1l0oRD863.44 R175ap45700-10r2020-06-25w2020-06-25yLFPDZNo se presta c45189d45189